000 00367nam a22000977a 4500
100 _aकोएलो,पाओलो
_981308
245 _aइलेवन मिनटस ( द अलकेमिज्ञट के लेखक)
260 _aभोपाल
_bमंजुल पब्लिकेशन
_c2022
650 _aउपन्‍यास
942 _cHIN
999 _c66666
_d66666